Living together : Jacques Derrida's communities of violence and peace /

Bibliographic Details
Other Authors: Weber, Elisabeth, 1959- (Editor)
Format: eBook
Language:English
Published: New York : Fordham University Press, 2013.
Subjects:
Online Access:Connect to the full text of this electronic book

MARC

Tag First Indicator Second Indicator Subfields
LEADER 00000cam a22000004a 4500
001 in00003402665
005 20190405202632.0
006 m d
007 cr |||||||nn|n
008 130114s2013 nyu o d eng d
010 |z  2012289455 
020 |a 9780823250646 
020 |z 9780823249923 (pbk.) 
020 |z 0823249921 (pbk.) 
035 |a (MdBmJHUP)muse9780823250646 
040 |a MdBmJHUP  |c MdBmJHUP  |d UtOrBLW 
245 0 0 |a Living together :  |b Jacques Derrida's communities of violence and peace /  |c edited by Elisabeth Weber. 
264 1 |a New York :  |b Fordham University Press,  |c 2013. 
300 |a 1 online resource (vii, 372 pages ) 
336 |a text  |b txt  |2 rdacontent 
337 |a computer  |b c  |2 rdamedia 
338 |a online resource  |b cr  |2 rdacarrier 
504 |a Includes bibliographical references and index. 
505 0 0 |g Introduction :  |t leading irreconcilable differences /  |r Elisabeth Weber --  |t Avowing- the impossible :  |t "Returns," repentance, and reconciliation /  |r Jacques Derrida, translated from the French by Gil Anidjar --  |t Mal de Sionisme (Zionist Fever) /  |r Gil Anidjar --  |t Forget semitism! /  |r Joseph A. Massad --  |t Beyond tolerance and hospitality :  |t Muslims as strangers and minor subjects in Hindu nationalist and Indian nationalist discourse /  |r Priya Kumar --  |t Rights, respect, and the political :  |t notes from a conflict zone /  |r Raef Zreik --  |t Responsi/ability, after Derrida /  |r Ellen T. Armour --  |t Contested forgiveness :  |t Jankelevitch, Levinas, and Derrida at the Colloque des intellectuels juifs /  |r Dana Hollander --  |t To live, by grace /  |r William Robert --  |t Four or five words in Derrida /  |r Kevin Hart --  |t Mourning and reconciliation /  |r Marc Nichanian, translated from the French by Alison Bjerke --  |t The painter of postmodern life /  |r Sherene Seikaly --  |t Living-with-torture-together /  |r Elisabeth Weber --  |t From Jerusalem to Jerusalem- a dedication /  |r Michal Govrin, translated from the Hebrew by Atar Hadari --  |t How to live together well :  |t interrogating the Israel/Palestine conflict /  |r Richard Falk. 
588 |a Description based on print version record. 
500 |a Electronic resource. 
600 1 0 |a Derrida, Jacques. 
650 0 |a Social ethics. 
655 7 |a Electronic books.  |2 local 
700 1 |a Weber, Elisabeth,  |d 1959-  |e editor. 
856 4 0 |u http://proxy.library.tamu.edu/login?url=http://muse.jhu.edu/books/9780823250646/  |z Connect to the full text of this electronic book  |t 0 
999 |a MARS 
999 f f |s 9e86feab-2c09-38f2-8e39-44aec2b84eb3  |i 922ea784-47ca-3014-a77c-d9127c00a8c8  |t 0 
952 f f |a Texas A&M University  |b College Station  |c Electronic Resources  |d Available Online  |t 0  |h No information provided 
998 f f |t 0  |l Available Online